000 01166nam a22003017a 4500
999 _c162095
_d162095
005 20190813154941.0
010 _a1819CHEN B-728146-166
020 _c299.00
_a9780241356333
035 _aB-728146-166
035 _aB-728584
037 _bBlueberry
_adpl
082 _a954.035092
100 _aBailey, Diane
245 _aGandhi /
_cby Diane Bailey ; illustrated by Chartlotte Ager
260 _bDorling Kindersley
_aLondon
_c2019
270 _bLondon
_a80 Strand
_eWC2R 0RL
300 _a128p.:
_c20cm(Hb)
_bcol. ill.
490 _aDK life stories
500 _aIncludes bibliographical references and index
500 _aAirport
600 _aGandhi, Mahatma,
_d1869-1948
_vJuvenile literature.
650 _aStatesmen
_vBiography
_vJuvenile literature.
_zIndia
650 _aNationalists
_vBiography
_vJuvenile literature.
_zIndia
700 _aAger, Charlotte
942 _2ddc
_cCH
_mGAN
_h954.035092